Las Elecciones 2006 en perspectiva /

Gespeichert in:
Bibliographische Detailangaben
1. Verfasser: Artiga - González, Alvaro
Format: Text
Schlagworte:
Tags: Tag hinzufügen
Keine Tags, Fügen Sie den ersten Tag hinzu!

MARC

LEADER 00000 a a2200000 04500
001 5205
003
040
100 |a Artiga - González, Alvaro  
245 |a Las Elecciones 2006 en perspectiva /  |c Alvaro Artiga - González 
650 |a ELECCIONES  
650 |a ENCUESTAS  
650 |a EL SALVADOR  
650 |a DEMOCRACIA  
650 |a ECONOMIA  
650 |a DISTRIBUCION POR EDAD Y SEXO  
650 |a PARTIDOS POLITICOS  
650 |a VOTACION  
773 |g volumen 61, número 688 -689; páginas 237-260  
999 |c 31615  |d 31615